Countries of south and central Asia with a bad map - Statistics

General Stats
  • This quiz has been taken 42 times
  • The average score is 12 of 13
Answers on the Map
Answers color-coded by a green-red scale on the quiz's map according to % correct below.
 
Answer Stats
Answer % Correct
India
100%
Afghanistan
97%
Bangladesh
97%
Bhutan
97%
Kazakhstan
97%
Maldives
97%
Pakistan
97%
Nepal
94%
Sri Lanka
94%
Tajikistan
94%
Turkmenistan
94%
Uzbekistan
94%
Kyrgyzstan
90%
No matching quizzes found
Score Distribution
Percent of People with Each Score
Percentile by Number Answered
Your Score History
You have not taken this quiz